Aix-la-Chapelle in the age of Charlemagne /

محفوظ في:

المؤلف الرئيسي: Sullivan, Richard E., 1921-2005 (مؤلف)

التنسيق: كتاب

اللغة: English

منشور في: Norman : University of Oklahoma Press, [1963].

الطبعة: [1st ed.]

سلاسل: Centers of civilization series ; 10.

الموضوعات:

الوسوم: إضافة وسم

لا توجد وسوم, كن أول من يضع وسما على هذه التسجيلة!

رقم الطلب: DD901 .A27 S9 1963

LEADER 00908nam a2200277I 4500
001 6167
003 OSt
005 20251216131728.0
008 130303s1963 okua b 000 0 eng d
010 |a 63018076 
035 |a ocm01350599 
040 |c ARCE Library 
050 4 |a DD901 .A27 S9 1963 
100 1 |a Sullivan, Richard E.,   |q (Richard Eugene),   |d 1921-2005,   |e author 
245 1 0 |a Aix-la-Chapelle in the age of Charlemagne /  |c Richard E. Sullivan. 
250 |a [1st ed.] 
264 1 |a Norman :   |b University of Oklahoma Press,   |c [1963]. 
300 |a xiii, 226 pages :  |b illustrations ;  |c 19 cm. 
490 1 |a Centers of civilization series ;  |v 10. 
504 |a Bibliography : pages 208-214. 
600 0 0 |a Charlemagne,  |c Emperor,  |d 742-814.  |9 27918 
651 0 |a Aachen (Germany)  |x History.  |9 16551 
830 0 |a Centers of civilization series ;  |v 10. 
901 |a reviewed 
942 |c BK  |2 lcc 
999 |c 4836  |d 4836